Highway to Hell - AC/DC (All lyrics) - Statistics

General Stats
  • This quiz has been taken 79 times
  • The average score is 143 of 192
Answer Stats
Answer % Correct
on
100%
On
100%
Hell
96%
hell
96%
highway
96%
Highway
96%
to
96%
I'm
92%
the
92%
a
91%
No
77%
do
75%
free
75%
me
74%
be
72%
down
68%
gonna
68%
my
68%
My
68%
easy
66%
way
66%
Livin'
64%
stop
64%
Goin'
62%
goin'
62%
in
62%
too
62%
Hey
58%
hey
58%
nothin'
58%
there
58%
are
57%
Don't
57%
don't
57%
limit
57%
signs
57%
speed
57%
friends
53%
Ain't
51%
at
51%
And
49%
mama
49%
ride
49%
look
47%
need
47%
land
45%
leave
45%
ticket
45%
yeah
45%
it
43%
promised
43%
reason
43%
Satan
43%
slow
43%
time
43%
Nobody's
42%
one-way
40%
rhyme
40%
Season
40%
All
38%
around
38%
lovin'
38%
Askin'
36%
mess
36%
band
34%
rockin'
34%
spin
32%
dues
30%
I'd
30%
rather
28%
party
26%
Like
25%
Playin'
25%
Takin'
23%
wheel
23%
everything
21%
stride
21%
payin'
19%
woah
13%
ooh
11%
No matching quizzes found
Score Distribution
Percent of People with Each Score
Percentile by Number Answered
Your Score History
You have not taken this quiz